000 00325nam a22001337a 4500
008 170221b xxu||||| |||| 00| 0 eng d
020 _a0879936908
041 _aeng
080 _a615
100 _a5
101 _aSHF
245 _aNONPHARMACOLOGICAL THERAPY OF ARRHYTHMIAS FOR THE 21ST CENTURY
_cSINGER, I
942 _2udc
_cBK
999 _c6005
_d6005